000
00256nam a2200097Ia 4500
008
240331s9999 xx 000 0 und d
082
_b
CHA
100
_a
Chandrasegara, P
245
0
_a
Yarlpana aharathi :
_b
a manual dictionary of the Tamil language
942
_c
L
999
_c
3225
_d
3225